[Event "XI Open"]
[Site "Crema ITA"]
[Date "2009.09.04"]
[Round "2"]
[White "Raffaldi, Fabrizio"]
[Black "Adami, Alessandro"]
[Result "0-1"]
[WhiteElo "1760"]
[BlackElo "1473"]
[PlyCount "58"]
[EventDate "2009.09.04"]

1. e4 c5 2. c3 d6 3. d4 cxd4 4. cxd4 Nf6 5. Nc3 e6 6. Nf3 Be7 7. Bd3 O-O 8. O-O
Nbd7 9. Bf4 a6 10. Qe2 b5 11. Rfe1 Bb7 12. e5 dxe5 13. dxe5 Nd5 14. Nxd5 Bxd5
15. b3 Nc5 16. Bc2 Qc7 17. Ng5 Bxg5 18. Bxg5 Qb7 19. Qg4 g6 20. Bf6 Nd7 21. Qg5
Nxf6 22. exf6 Kh8 23. Qh6 Rg8 24. Re3 Bxg2 25. Be4 Bxe4 26. Rh3 g5 27. Re1 Bf5
28. Rh5 Qc8 29. Re3 Qf8 0-1

[Event "XI Open"]
[Site "Crema ITA"]
[Date "2009.09.04"]
[Round "2"]
[White "Raimondi, Giorgio"]
[Black "Bocci, Alessandro"]
[Result "1/2-1/2"]
[WhiteElo "1428"]
[BlackElo "1936"]
[PlyCount "72"]
[EventDate "2009.09.04"]

1. e4 c5 2. Nf3 Nc6 3. d4 cxd4 4. Nxd4 Qc7 5. Nc3 e6 6. Be3 Nf6 7. Be2 g6 8. f4
Bb4 9. Bf3 d5 10. e5 Bxc3+ 11. bxc3 Nd7 12. O-O Nb6 13. Be2 O-O 14. Nb3 Ne7 15.
Bd4 Nf5 16. Qd2 Bd7 17. g4 Nxd4 18. cxd4 Rac8 19. Rac1 Nc4 20. Bxc4 dxc4 21.
Nc5 Bc6 22. Qe3 Rfd8 23. c3 Bd5 24. Ne4 Bxe4 25. Qxe4 b5 26. Rb1 Qa5 27. Qc2
Qa3 28. Rf2 Rb8 29. Qb2 Qxb2 30. Rfxb2 Rd7 31. a3 Rdb7 32. Kf2 Kf8 33. Ke2 Ke8
34. h4 Kd7 35. Ke3 Kc6 36. Ke4 h6 1/2-1/2

[Event "XI Open"]
[Site "Crema ITA"]
[Date "2009.09.04"]
[Round "2"]
[White "Rota, Simone"]
[Black "Oteri, Aldo"]
[Result "1-0"]
[WhiteElo "2025"]
[BlackElo "1830"]
[PlyCount "83"]
[EventDate "2009.09.04"]

1. d4 Nf6 2. c4 g6 3. g3 Bg7 4. Bg2 O-O 5. Nf3 d6 6. O-O c5 7. d5 e6 8. Nc3
exd5 9. cxd5 Re8 10. Re1 Nbd7 11. h3 Ne5 12. Nxe5 Rxe5 13. Bf4 Rh5 14. g4 Nxg4
15. hxg4 Bxg4 16. Qd3 Qd7 17. Qg3 Re8 18. Bf3 Bxf3 19. Qxf3 Rh3 20. Qg2 h5 21.
f3 Qf5 22. e4 Bd4+ 23. Kf1 Qxf4 24. Qxh3 Re5 25. Ne2 Qd2 26. Nxd4 cxd4 27. Qg2
Qf4 28. Qf2 Rg5 29. Ke2 h4 30. Rh1 Rg3 31. Rag1 d3+ 32. Kd1 Rxf3 33. Qxh4 Qxh4
34. Rxh4 Rf2 35. Kc1 Rc2+ 36. Kb1 Re2 37. Rd1 Re3 38. Kc1 Kg7 39. Kd2 Rg3 40.
Kc3 g5 41. Rh2 Rg4 42. Kxd3 1-0

[Event "XI Open"]
[Site "Crema ITA"]
[Date "2009.09.04"]
[Round "2"]
[White "Scarabelli, Maurizio"]
[Black "Rotoni, Matteo"]
[Result "1/2-1/2"]
[WhiteElo "1889"]
[BlackElo "2176"]
[PlyCount "45"]
[EventDate "2009.09.04"]

1. e4 e6 2. f4 d5 3. e5 c5 4. Nf3 Nc6 5. c3 Nge7 6. Na3 Nf5 7. Nc2 Be7 8. Bd3
Qb6 9. Bxf5 exf5 10. O-O d4 11. Kh1 Be6 12. b3 Rd8 13. cxd4 cxd4 14. d3 a5 15.
Ba3 O-O 16. Ng5 Bd5 17. Qh5 h6 18. Nf3 Be6 19. Nh4 Bxa3 20. Nxa3 f6 21. Nxf5
fxe5 22. Nxh6+ gxh6 23. Qg6+ 1/2-1/2

[Event "XI Open"]
[Site "Crema ITA"]
[Date "2009.09.04"]
[Round "2"]
[White "Scarpellini, Felice"]
[Black "Ranfagni, Stefano"]
[Result "0-1"]
[WhiteElo "1823"]
[BlackElo "2025"]
[PlyCount "178"]
[EventDate "2009.09.04"]

1. c4 f5 2. Nc3 Nf6 3. g3 e6 4. Bg2 Be7 5. e3 O-O 6. Nge2 c6 7. d4 d5 8. cxd5
exd5 9. O-O Nbd7 10. a3 Ne4 11. Nf4 Ndf6 12. Qc2 Qe8 13. b4 a6 14. f3 Nxc3 15.
Qxc3 Bd6 16. Nd3 Be6 17. Nc5 Rb8 18. Nxe6 Qxe6 19. Bd2 Rbe8 20. Rae1 Qd7 21.
Re2 Re6 22. Rfe1 Qf7 23. Rf1 Qh5 24. Ref2 g5 25. Qc1 h6 26. Qd1 Qg6 27. Qb3 Kh7
28. Qc2 h5 29. Bh3 g4 30. fxg4 hxg4 31. Bg2 Ne4 32. Bxe4 Rxe4 33. Bc1 Kg7 34.
Qb3 Qh5 35. Rg2 Qe8 36. Rgf2 Kg6 37. a4 Be7 38. Rb2 Bg5 39. b5 Bxe3+ 40. Bxe3
Rxe3 41. Qb4 axb5 42. axb5 Rh8 43. bxc6 bxc6 44. Qd6+ Qe6 45. Qf4 Re4 46. Qf2
Qf6 47. Rd2 Rhe8 48. Kg2 Qe6 49. Kg1 Re1 50. Rxe1 Qxe1+ 51. Qxe1 Rxe1+ 52. Kf2
Re4 53. Rc2 Re6 54. Kg2 Kg5 55. h4+ gxh3+ 56. Kxh3 Rh6+ 57. Kg2 Kg4 58. Rf2 Re6
59. Rd2 Re3 60. Rc2 Rxg3+ 61. Kf2 Rd3 62. Rxc6 Rxd4 63. Rc3 Kf4 64. Ke2 Re4+
65. Kd3 d4 66. Rc1 Kg5 67. Rg1+ Kf6 68. Ra1 Rg4 69. Ra6+ Kg5 70. Ra8 Kh4 71.
Rf8 Rf4 72. Rh8+ Kg3 73. Rg8+ Rg4 74. Rf8 f4 75. Kxd4 Rg7 76. Kd3 f3 77. Kd2
Re7 78. Rg8+ Kf2 79. Rh8 Rd7+ 80. Kc2 Kg2 81. Rg8+ Kf1 82. Rf8 f2 83. Rf6 Rd5
84. Kc3 Kg2 85. Rg6+ Kf3 86. Rf6+ Kg3 87. Rg6+ Kf4 88. Kc4 f1=Q+ 89. Kxd5 Qd3+
0-1

[Event "XI Open"]
[Site "Crema ITA"]
[Date "2009.09.04"]
[Round "2"]
[White "Scovazzi, Tullio"]
[Black "Leoni, Livio"]
[Result "0-1"]
[WhiteElo "1651"]
[BlackElo "2017"]
[PlyCount "66"]
[EventDate "2009.09.04"]

1. e4 c5 2. d4 cxd4 3. c3 dxc3 4. Nxc3 Nc6 5. Bc4 d6 6. Nf3 a6 7. O-O Nf6 8.
Qe2 Bg4 9. Rd1 Qb8 10. Bg5 e6 11. Rac1 Be7 12. a3 O-O 13. b4 b5 14. Ba2 Qb7 15.
Qe3 Ne5 16. Bf4 Rac8 17. Rd4 Nc4 18. Bxc4 e5 19. Bxf7+ Rxf7 20. Bxe5 dxe5 21.
Nxe5 Rff8 22. h3 Be6 23. g4 Rfd8 24. Rxd8+ Rxd8 25. g5 Nd7 26. Nd3 Qb6 27. Qg3
Bd6 28. e5 Bb8 29. Kh2 Qd4 30. f4 Bc4 31. Nf2 Nxe5 32. Rd1 Nd3 33. Nce4 Rf8 0-1

[Event "XI Open"]
[Site "Crema ITA"]
[Date "2009.09.04"]
[Round "2"]
[White "Tedoldi, Guido"]
[Black "Christen, Peter Walter"]
[Result "1/2-1/2"]
[WhiteElo "1774"]
[BlackElo "1420"]
[PlyCount "66"]
[EventDate "2009.09.04"]

1. c4 e6 2. Nc3 d5 3. cxd5 exd5 4. d4 Nf6 5. e3 Bb4 6. Bd2 O-O 7. Nf3 Re8 8.
Bd3 Nc6 9. O-O Bg4 10. h3 Bxc3 11. Bxc3 Bh5 12. Be2 Ne4 13. Rc1 Bxf3 14. Bxf3
Nxc3 15. Rxc3 Ne7 16. Qc2 c6 17. b4 a6 18. h4 g6 19. h5 Nf5 20. hxg6 hxg6 21.
Bg4 Nd6 22. Bf3 Kg7 23. Re1 Nf5 24. Qd3 Qh4 25. e4 dxe4 26. Bxe4 Nd6 27. g3 Qh3
28. Qf3 Re7 29. Rce3 Rae8 30. Bd3 Rxe3 31. Rxe3 Rxe3 32. Qxe3 Qd7 33. Qe5+ f6
1/2-1/2

[Event "XI Open"]
[Site "Crema ITA"]
[Date "2009.09.04"]
[Round "2"]
[White "Vishanji, Franz"]
[Black "Arena, Piermario"]
[Result "1/2-1/2"]
[WhiteElo "1646"]
[BlackElo "1900"]
[PlyCount "58"]
[EventDate "2009.09.04"]

1. e4 d5 2. exd5 Qxd5 3. Nc3 Qa5 4. d4 Nf6 5. Bd3 c6 6. Nf3 Bg4 7. h3 Bh5 8.
O-O Nbd7 9. Qe2 e6 10. Qe3 Bxf3 11. Qxf3 Bd6 12. Bd2 Qc7 13. Ne4 Nxe4 14. Bxe4
Nf6 15. Rfe1 Nxe4 16. Rxe4 O-O-O 17. Bf4 Bxf4 18. Rxf4 Rd7 19. Re1 Rhd8 20. c3
g6 21. Ree4 Re7 22. Rf6 Rd5 23. Ref4 Rf5 24. R6xf5 exf5 25. g4 fxg4 26. Qxg4+
Qd7 27. Qxd7+ Kxd7 28. f3 f5 29. Kf2 Ke6 1/2-1/2

[Event "XI Open"]
[Site "Crema ITA"]
[Date "2009.09.04"]
[Round "2"]
[White "Vuckovic, Dimitrije"]
[Black "Delle Fave, Fabio"]
[Result "0-1"]
[WhiteElo "1513"]
[BlackElo "1774"]
[PlyCount "84"]
[EventDate "2009.09.04"]

1. Nf3 Nf6 2. c4 e6 3. g3 d5 4. Bg2 g6 5. d4 Bg7 6. O-O O-O 7. Nc3 Nbd7 8. b3
c6 9. Bb2 Re8 10. Rc1 b6 11. Qc2 Bb7 12. cxd5 cxd5 13. Qd3 Rc8 14. a4 Ne4 15.
Nb5 Ba6 16. Rxc8 Qxc8 17. Rc1 Qb8 18. Nd2 Nxd2 19. Qxd2 Rc8 20. e3 Bxb5 21.
axb5 Rc7 22. Rxc7 Qxc7 23. Qc3 Qxc3 24. Bxc3 Nf6 25. f3 Ne8 26. e4 dxe4 27.
fxe4 Nd6 28. Bb2 Nxb5 29. e5 Bf8 30. Bc6 Nc7 31. Kf2 Na6 32. Ke2 Be7 33. Bb7
Nc7 34. Kd3 Kf8 35. Kc4 Ke8 36. h4 Kd7 37. Be4 a5 38. h5 b5+ 39. Kd3 Nd5 40.
hxg6 hxg6 41. Kd2 Bg5+ 42. Kd3 Nb4+ 0-1

[Event "XI Open"]
[Site "Crema ITA"]
[Date "2009.09.05"]
[Round "3"]
[White "Adami, Antonio"]
[Black "Tedoldi, Guido"]
[Result "1-0"]
[WhiteElo "1617"]
[BlackElo "1774"]
[PlyCount "119"]
[EventDate "2009.09.04"]

1. e4 c5 2. Nf3 Nc6 3. d4 cxd4 4. Nxd4 e5 5. Nb3 Nf6 6. Nc3 Bb4 7. Bc4 O-O 8.
Qe2 d6 9. O-O Be6 10. Bg5 Rc8 11. Nd5 Bxd5 12. Bxd5 h6 13. Bh4 g5 14. Bxc6 Rxc6
15. c3 Bc5 16. Nxc5 Rxc5 17. Bg3 h5 18. h4 g4 19. f4 Qb6 20. Kh1 Qc6 21. fxe5
Nxe4 22. Qe3 Nxg3+ 23. Qxg3 Rxe5 24. Rf6 Re6 25. Raf1 Rxf6 26. Rxf6 Qe4 27.
Rxd6 f5 28. Rd4 f4 29. Rxe4 fxg3 30. Kg1 Rf2 31. Re3 Rxb2 32. Rxg3 Rxa2 33. Kh2
b5 34. Rd3 Kf7 35. Rd5 a6 36. Rxh5 Rc2 37. Rc5 b4 38. Ra5 Rxc3 39. Rxa6 b3 40.
Rb6 Ke7 41. h5 Kf7 42. Rb7+ Kg8 43. h6 Kh8 44. Rb4 g3+ 45. Kh3 Kh7 46. Rb6 Rd3
47. Kg4 Rd4+ 48. Kxg3 Rd3+ 49. Kf4 Kh8 50. g4 Rh3 51. g5 Kh7 52. Kg4 Rc3 53.
Kf4 Rc4+ 54. Ke5 Rc3 55. Rb7+ Kg6 56. Rg7+ Kh5 57. h7 Rc5+ 58. Kd4 b2 59. h8=Q+
Kg4 60. Qb8 1-0

[Event "XI Open"]
[Site "Crema ITA"]
[Date "2009.09.05"]
[Round "3"]
[White "Agnelli, Francesco"]
[Black "Acunzo, Domenico"]
[Result "1-0"]
[WhiteElo "2051"]
[BlackElo "1833"]
[PlyCount "71"]
[EventDate "2009.09.04"]

1. e4 e6 2. d4 d5 3. Nc3 Bb4 4. e5 c5 5. a3 Bxc3+ 6. bxc3 Ne7 7. Qg4 O-O 8. Bd3
Nbc6 9. Nf3 f5 10. exf6 Rxf6 11. Bg5 e5 12. Qg3 Rxf3 13. gxf3 c4 14. Be2 Qa5
15. Bd2 exd4 16. cxd4 c3 17. Be3 Nf5 18. Qf4 Bd7 19. Bd3 Rf8 20. Bxf5 Bxf5 21.
Qd6 Bxc2 22. O-O Bf5 23. Kh1 Rf6 24. Qg3 Bd3 25. Rg1 Rg6 26. Qh3 Qd8 27. Rxg6
hxg6 28. Qe6+ Kh7 29. Rg1 Bf5 30. Qf7 Qf6 31. Qxd5 c2 32. Qc5 Bd3 33. Rg3 Qf7
34. d5 Ne5 35. Rh3+ Kg8 36. Qc8+ 1-0

[Event "XI Open"]
[Site "Crema ITA"]
[Date "2009.09.05"]
[Round "3"]
[White "Arena, Piermario"]
[Black "Gonella, Graziano"]
[Result "1-0"]
[WhiteElo "1900"]
[BlackElo "1152"]
[PlyCount "73"]
[EventDate "2009.09.04"]

1. e4 Nc6 2. Nf3 e5 3. Bc4 d6 4. O-O Bg4 5. c3 Na5 6. Be2 Qd7 7. d4 Bxf3 8.
Bxf3 exd4 9. cxd4 Nf6 10. Qe2 Be7 11. e5 dxe5 12. dxe5 Nd5 13. Rd1 c6 14. a3
O-O 15. b4 Nb3 16. Ra2 Rad8 17. Bxd5 cxd5 18. Bf4 f6 19. Rb2 Na1 20. Nd2 fxe5
21. Bxe5 Bf6 22. Bxf6 Rxf6 23. Rxa1 Re8 24. Qd3 g6 25. Nf3 Kg7 26. Rd2 Rd6 27.
Qd4+ Kf7 28. Ne5+ Kf8 29. Nxd7+ Rxd7 30. Qh8+ Ke7 31. Re2+ Kd6 32. Qxe8 Kc7 33.
Rc1+ Kb6 34. Qxd7 a6 35. Re6+ Ka7 36. Re7 Kb6 37. Qxb7# 1-0

[Event "XI Open"]
[Site "Crema ITA"]
[Date "2009.09.05"]
[Round "3"]
[White "Bocci, Alessandro"]
[Black "Biava, Pierluigi"]
[Result "1-0"]
[WhiteElo "1936"]
[BlackElo "1784"]
[PlyCount "57"]
[EventDate "2009.09.04"]

1. d4 Nf6 2. c4 e6 3. Nf3 d5 4. Nc3 Be7 5. cxd5 exd5 6. Bg5 c6 7. e3 Nbd7 8.
Qc2 h6 9. Bh4 g5 10. Bg3 Nh5 11. Bd3 g4 12. Nd2 Nf8 13. O-O-O Nxg3 14. hxg3 Bg5
15. Kb1 Ne6 16. Nb3 a5 17. Na4 Qc7 18. e4 b5 19. Nac5 a4 20. Nxe6 fxe6 21. Nc5
O-O 22. e5 Qf7 23. Rhf1 Ra7 24. Qe2 h5 25. f3 Qe8 26. fxg4 Raf7 27. Rf3 Rxf3
28. gxf3 hxg4 29. f4 1-0

[Event "XI Open"]
[Site "Crema ITA"]
[Date "2009.09.05"]
[Round "3"]
[White "Bonoldi, Fabio"]
[Black "Guzzetti, Luigi Enrico"]
[Result "1-0"]
[WhiteElo "1881"]
[BlackElo "1863"]
[PlyCount "99"]
[EventDate "2009.09.04"]

1. c4 Nf6 2. Nc3 g6 3. g3 Bg7 4. Bg2 d6 5. d3 O-O 6. e4 c5 7. Nge2 Nc6 8. O-O
a6 9. a4 Rb8 10. h3 Ne8 11. Be3 Bd7 12. Rb1 Nc7 13. Qd2 b5 14. axb5 axb5 15. b3
b4 16. Nd5 Ne6 17. Bh6 Ned4 18. Nxd4 Nxd4 19. Bxg7 Kxg7 20. f4 Bc6 21. Ne3 Ra8
22. f5 f6 23. Rb2 Ra3 24. Rfb1 Qd7 25. fxg6 hxg6 26. Nc2 Nxc2 27. Rxc2 Rfa8 28.
d4 Qc8 29. dxc5 dxc5 30. Qe3 Bd7 31. e5 R8a6 32. exf6+ exf6 33. Qe7+ Kh6 34.
Rf2 Re6 35. Qf7 Be8 36. Qf8+ Kh7 37. Rf4 g5 38. Rxf6 Rxf6 39. Qxf6 Bg6 40. Re1
Ra7 41. Re6 Qg8 42. Be4 Rg7 43. Bxg6+ Rxg6 44. Qxg6+ Qxg6 45. Rxg6 Kxg6 46. Kf2
Kf5 47. Ke3 Ke5 48. h4 gxh4 49. gxh4 Kf5 50. h5 1-0

[Event "XI Open"]
[Site "Crema ITA"]
[Date "2009.09.05"]
[Round "3"]
[White "Bontempi, Piero"]
[Black "Rota, Simone"]
[Result "1-0"]
[WhiteElo "2359"]
[BlackElo "2025"]
[PlyCount "113"]
[EventDate "2009.09.04"]

1. e4 c5 2. c3 Nf6 3. e5 Nd5 4. Nf3 e6 5. a3 Nc6 6. d4 cxd4 7. cxd4 d6 8. Bd3
Be7 9. O-O Bd7 10. Nbd2 Nf4 11. Bb1 Ng6 12. Nc4 d5 13. Ne3 Rc8 14. Re1 Qb6 15.
Bc2 a6 16. Nf1 Na7 17. Ng3 Qc6 18. Re2 Qb6 19. Be3 Nc6 20. Nh5 Rg8 21. b3 Na7
22. Bc1 Nb5 23. Re3 Qc7 24. Bd3 Qb6 25. Bb2 Na7 26. Rc1 Nc6 27. Re2 Nf8 28. b4
Rb8 29. Qd2 Ng6 30. Bb1 Nf8 31. Qf4 Ng6 32. Qg4 a5 33. Bc3 axb4 34. axb4 Na7
35. Ra2 Nb5 36. Bd2 Nc7 37. Bd3 Nb5 38. Rca1 Nc7 39. h4 Bb5 40. Bxb5+ Qxb5 41.
Rc2 Na6 42. Rac1 Rd8 43. Ng5 Qd7 44. b5 Qxb5 45. Nxe6 fxe6 46. Qxe6 Kf8 47.
Qf5+ Ke8 48. Qe6 Kf8 49. Qf5+ Ke8 50. e6 Bf6 51. Bg5 Rf8 52. Bxf6 gxf6 53. Ng7+
Ke7 54. h5 Nh8 55. Rc7+ Nxc7 56. Rxc7+ Kd6 57. Qf4# 1-0

[Event "XI Open"]
[Site "Crema ITA"]
[Date "2009.09.05"]
[Round "3"]
[White "Bozzali, Ermanno"]
[Black "Carletti, Angelo"]
[Result "0-1"]
[WhiteElo "2090"]
[BlackElo "1565"]
[PlyCount "74"]
[EventDate "2009.09.04"]

1. d4 d5 2. Nf3 Nf6 3. c4 e6 4. Nc3 c6 5. e3 Nbd7 6. Qc2 Bd6 7. g4 Bb4 8. Bd2
Qe7 9. a3 Bxc3 10. Bxc3 Ne4 11. Bd3 Nxc3 12. Qxc3 dxc4 13. Bxc4 b6 14. O-O-O
Bb7 15. e4 Nf6 16. d5 Nxe4 17. Qxg7 O-O-O 18. dxc6 Bxc6 19. Ba6+ Kb8 20. Ne5
Qc5+ 21. Kb1 Nd2+ 22. Rxd2 Bxh1 23. Qxh8 Be4+ 24. Ka2 Qd5+ 25. Bc4 Qxd2 26. Qf6
Qd1 27. Nd3 Rxd3 28. Qe5+ Rd6 29. Qxe4 Qd4 30. Qe2 e5 31. Bxf7 Rf6 32. Qb5 Rxf2
33. Be6 Rd2 34. Qe8+ Kc7 35. Qc8+ Kd6 36. Qd7+ Kc5 37. Qc8+ Kb5 0-1

[Event "XI Open"]
[Site "Crema ITA"]
[Date "2009.09.05"]
[Round "3"]
[White "Brioschi, Camillo"]
[Black "Gerundino, Nicola"]
[Result "0-1"]
[WhiteElo "1826"]
[BlackElo "1961"]
[PlyCount "102"]
[EventDate "2009.09.04"]

1. d4 Nf6 2. c4 e6 3. Nc3 Bb4 4. e3 c5 5. Nge2 d5 6. a3 Bxc3+ 7. Nxc3 cxd4 8.
exd4 dxc4 9. Bxc4 O-O 10. O-O Nc6 11. Be3 Nd5 12. Qh5 Nce7 13. Bg5 f6 14. Be3
Nf5 15. Bd3 g6 16. Qf3 Nfxe3 17. fxe3 Nxc3 18. bxc3 Qc7 19. c4 Bd7 20. Rfc1
Rac8 21. c5 Bc6 22. Be4 f5 23. Bxc6 Qxc6 24. Rcb1 b6 25. Qxc6 Rxc6 26. Rb5 bxc5
27. dxc5 Rfc8 28. Rc1 Kf7 29. Kf2 e5 30. Kf3 e4+ 31. Kf4 Kf6 32. h4 h6 33. a4
g5+ 34. hxg5+ hxg5+ 35. Kg3 Ke5 36. Kf2 R8c7 37. Ke2 f4 38. Kf2 Rd7 39. exf4+
gxf4 40. Rb8 Rd2+ 41. Kf1 Rh6 42. Kg1 Rg6 43. Re8+ Kf5 44. Rf8+ Kg4 45. c6 Kg3
46. c7 Rxg2+ 47. Kf1 Rf2+ 48. Ke1 Rh6 49. Rg8+ Kf3 50. Rg1 Re2+ 51. Kd1 Rd6#
0-1

[Event "XI Open"]
[Site "Crema ITA"]
[Date "2009.09.05"]
[Round "3"]
[White "Cantoro, Daniele"]
[Black "Magrini, Fabrizio"]
[Result "1-0"]
[WhiteElo "1961"]
[BlackElo "2150"]
[PlyCount "33"]
[EventDate "2009.09.04"]

1. e4 c5 2. Nf3 Nc6 3. d4 cxd4 4. Nxd4 Nf6 5. Nc3 e5 6. Ndb5 d6 7. Bg5 a6 8.
Na3 b5 9. Bxf6 gxf6 10. Nd5 f5 11. c3 Bg7 12. Bd3 Be6 13. Qh5 O-O 14. Nc7 Qxc7
15. exf5 Bc4 16. Nxc4 bxc4 17. f6 1-0

[Event "XI Open"]
[Site "Crema ITA"]
[Date "2009.09.05"]
[Round "3"]
[White "Caramaschi, Vincenzo"]
[Black "Ornaghi, Giovanni"]
[Result "0-1"]
[WhiteElo "1646"]
[BlackElo "1568"]
[PlyCount "68"]
[EventDate "2009.09.04"]

1. e4 e6 2. d3 d5 3. Nd2 c5 4. Ngf3 Nc6 5. g3 Nf6 6. Bg2 Be7 7. O-O O-O 8. Re1
b6 9. Nf1 Bb7 10. e5 Nd7 11. h4 Qc7 12. Bf4 c4 13. d4 b5 14. N1h2 Nb6 15. c3 b4
16. h5 a5 17. Ng4 a4 18. Qd2 a3 19. bxa3 bxc3 20. Qc2 Rxa3 21. Bg5 Nb4 22. Qe2
c2 23. Bxe7 Qxe7 24. Qd2 c3 25. Qc1 Nd3 26. Qxc2 Nxe1 27. Rxe1 Rfa8 28. Bf1
Rxa2 29. Qxc3 R2a3 30. Qb2 Nc4 31. Bxc4 dxc4 32. Nh4 c3 33. Qc2 Qb4 34. Ne3 Ra1
0-1

[Event "XI Open"]
[Site "Crema ITA"]
[Date "2009.09.05"]
[Round "3"]
[White "Carbone, Lorenzo"]
[Black "Cecchini, Massimo S."]
[Result "1-0"]
[WhiteElo "1812"]
[BlackElo "1821"]
[PlyCount "39"]
[EventDate "2009.09.04"]

1. e4 c6 2. c4 d5 3. exd5 cxd5 4. cxd5 Nf6 5. Nc3 Nxd5 6. Bb5+ Bd7 7. Qa4 Nb6
8. Qf4 Nc6 9. Nf3 h6 10. O-O e6 11. a3 a6 12. Bd3 Ne7 13. Ne5 Nf5 14. Re1 Be7
15. Bc2 Qc7 16. d4 Nc4 17. Bxf5 Nxe5 18. dxe5 exf5 19. e6 Qxf4 20. exd7+ 1-0

[Event "XI Open"]
[Site "Crema ITA"]
[Date "2009.09.05"]
[Round "3"]
[White "Casartelli, Fabio"]
[Black "Raimondi, Giorgio"]
[Result "1/2-1/2"]
[WhiteElo "1908"]
[BlackElo "1428"]
[PlyCount "94"]
[EventDate "2009.09.04"]

1. e4 c5 2. Nf3 Nc6 3. Be2 d6 4. O-O g6 5. d4 cxd4 6. Nxd4 Bg7 7. c3 a6 8. Be3
Nf6 9. Nd2 O-O 10. f4 e6 11. Qc2 Ne7 12. Rad1 d5 13. e5 Ne8 14. c4 Nc7 15. c5
Nc6 16. a3 Nxd4 17. Bxd4 Bd7 18. a4 a5 19. Qb3 Bc6 20. Nf3 Qd7 21. Bc3 Rfb8 22.
Qb6 Bxa4 23. Ra1 Bb5 24. Bxb5 Nxb5 25. Rxa5 Nxc3 26. bxc3 Rxa5 27. Qxa5 Bf8 28.
Qa7 Qc7 29. c6 Rc8 30. Qxb7 Qxc6 31. Qxc6 Rxc6 32. Rc1 Bb4 33. Kf1 Rxc3 34. Rb1
Bf8 35. Rb7 h6 36. Rb8 Rc7 37. g4 Rc4 38. f5 Rxg4 39. fxe6 fxe6 40. Ke2 Re4+
41. Kd3 Rc4 42. Nd4 Kf7 43. Rb7+ Be7 44. Nb5 Rc6 45. Nd6+ Kf8 46. Rb8+ Kg7 47.
Rb7 Kf8 1/2-1/2

[Event "XI Open"]
[Site "Crema ITA"]
[Date "2009.09.05"]
[Round "3"]
[White "Castrogiovanni, Carlo"]
[Black "Scarabelli, Maurizio"]
[Result "1-0"]
[WhiteElo "2018"]
[BlackElo "1889"]
[PlyCount "97"]
[EventDate "2009.09.04"]

1. d4 d5 2. Bg5 Nf6 3. Bxf6 gxf6 4. e3 h5 5. h4 Bg4 6. Be2 Bxe2 7. Nxe2 e5 8.
Ng3 c6 9. c3 Nd7 10. Nd2 Qe7 11. Nb3 Qe6 12. Nxh5 Rg8 13. Qf3 e4 14. Qe2 Bd6
15. g3 f5 16. Nd2 Rg4 17. Qxg4 fxg4 18. Ng7+ Ke7 19. Nxe6 Kxe6 20. Ke2 Nf6 21.
a3 Nh5 22. Rhb1 Rg8 23. Nf1 f5 24. Rc1 Nf6 25. Rc2 Nd7 26. c4 dxc4 27. Rxc4 Nb6
28. Rc2 Kd5 29. Nd2 Be7 30. Rac1 Rb8 31. Nc4 Nd7 32. b4 a6 33. Rh1 Bf8 34. Na5
Ke6 35. Rcc1 Kd5 36. Rc2 Ke6 37. Nb3 Nb6 38. h5 Bh6 39. Na5 Kd7 40. Rc5 Nd5 41.
Rc2 Nf6 42. Nc4 Ke7 43. Ne5 Rc8 44. Rc5 Rc7 45. Ng6+ Ke6 46. Re5+ Kf7 47. Rxf5
Kg7 48. Nf4 Re7 49. Rd1 1-0

[Event "XI Open"]
[Site "Crema ITA"]
[Date "2009.09.05"]
[Round "3"]
[White "Cervini, Ernesto"]
[Black "Poletti, Fausto"]
[Result "1/2-1/2"]
[WhiteElo "1822"]
[BlackElo "1902"]
[PlyCount "61"]
[EventDate "2009.09.04"]

1. d4 Nf6 2. c4 g6 3. Nc3 Bg7 4. e4 d6 5. f3 Nbd7 6. Bd3 e5 7. d5 Nh5 8. Be3
Nf4 9. Qd2 Bh6 10. O-O-O g5 11. g3 Nxd3+ 12. Qxd3 Bg7 13. Qd2 h6 14. h4 f6 15.
hxg5 hxg5 16. Rxh8+ Bxh8 17. Qh2 Bg7 18. Qh5+ Ke7 19. f4 gxf4 20. gxf4 Qh8 21.
Qf3 Nb6 22. b3 Bd7 23. Nge2 Qh3 24. Qxh3 Bxh3 25. f5 Kf7 26. Rh1 Bg2 27. Rh2
Bf3 28. Ng3 c6 29. c5 dxc5 30. Bxc5 Nd7 31. Be3 1/2-1/2

[Event "XI Open"]
[Site "Crema ITA"]
[Date "2009.09.05"]
[Round "3"]
[White "Christen, Peter Walter"]
[Black "Casale, Anania"]
[Result "0-1"]
[WhiteElo "1420"]
[BlackElo "1694"]
[PlyCount "152"]
[EventDate "2009.09.04"]

1. e4 c5 2. Na3 e6 3. c3 d5 4. Bb5+ Bd7 5. Bxd7+ Qxd7 6. exd5 exd5 7. Qe2+ Be7
8. Nf3 a6 9. O-O Nc6 10. Nc2 Nf6 11. d4 O-O 12. Be3 Rfe8 13. Rae1 Bd6 14. Qd1
cxd4 15. Ncxd4 h6 16. Nxc6 bxc6 17. Bc1 Ne4 18. Nd2 f5 19. Nxe4 fxe4 20. h3 Qf5
21. Qg4 Rf8 22. Qxf5 Rxf5 23. f3 Raf8 24. Be3 exf3 25. g4 R5f7 26. Bd4 a5 27.
Re6 Bg3 28. Bc5 Rb8 29. b3 Kh7 30. Bf2 Bxf2+ 31. Rxf2 Rc8 32. Re1 Rcf8 33. Kh2
Kg6 34. Kg3 h5 35. Re6+ Rf6 36. Rxf6+ Rxf6 37. a3 c5 38. b4 hxg4 39. hxg4 cxb4
40. cxb4 axb4 41. axb4 Rb6 42. Rb2 Kg5 43. Kxf3 Rb5 44. Rd2 g6 45. Rd4 Kf6 46.
g5+ Kxg5 47. Rg4+ Kf5 48. Rf4+ Ke5 49. Rg4 Rb6 50. Ke3 Kf5 51. Rf4+ Ke5 52. Rg4
Kf5 53. Rf4+ Kg5 54. Rd4 Rb5 55. Kf3 Kh5 56. Kg3 g5 57. Kh3 Kg6 58. Kg4 Kf6 59.
Kh5 Ke5 60. Rg4 Kd6 61. Rxg5 Rxb4 62. Rg1 Kc5 63. Kg5 Re4 64. Kf5 Re2 65. Kf4
d4 66. Rc1+ Kb5 67. Kf3 d3 68. Rc8 Kb4 69. Rc1 d2 70. Rc8 Re3+ 71. Kf2 Rd3 72.
Rb8+ Kc3 73. Rc8+ Kb4 74. Rb8+ Kc5 75. Rc8+ Kb6 76. Rb8+ Kc7 0-1

[Event "XI Open"]
[Site "Crema ITA"]
[Date "2009.09.05"]
[Round "3"]
[White "Colombo, Luca"]
[Black "Barucco, Mattia"]
[Result "1-0"]
[WhiteElo "1850"]
[BlackElo "1994"]
[PlyCount "73"]
[EventDate "2009.09.04"]

1. e4 c6 2. d4 d5 3. Nc3 dxe4 4. Nxe4 Nd7 5. Nf3 Ngf6 6. Ng3 e6 7. c3 c5 8. Bd3
cxd4 9. Nxd4 Be7 10. O-O O-O 11. Re1 Re8 12. Ne4 Nxe4 13. Bxe4 Nf6 14. Bd3 a6
15. Qc2 Qc7 16. Nf3 b5 17. Ng5 h6 18. Bh7+ Kf8 19. Nxf7 Nxh7 20. Qg6 Bg5 21.
Nh8 Bxc1 22. Qxh7 Bf4 23. g3 Bd6 24. Rad1 e5 25. Re3 Bg4 26. Rdd3 Bc5 27. Rf3+
Bxf3 28. Rxf3+ Ke7 29. Rf7+ Kd8 30. Rxc7 Kxc7 31. Qxg7+ Re7 32. Qxh6 Rd8 33.
Ng6 Re6 34. h4 e4 35. Qf4+ Kc6 36. Ne5+ Kb7 37. Qxe4+ 1-0

[Event "XI Open"]
[Site "Crema ITA"]
[Date "2009.09.05"]
[Round "3"]
[White "Delle Fave, Fabio"]
[Black "De Paoli, Emilio"]
[Result "0-1"]
[WhiteElo "1774"]
[BlackElo "1914"]
[PlyCount "50"]
[EventDate "2009.09.04"]

1. e4 e6 2. d4 c5 3. d5 exd5 4. exd5 d6 5. c4 g6 6. Nc3 Bg7 7. Qc2 Ne7 8. Bd3
O-O 9. Nge2 Bf5 10. b3 Nd7 11. Bb2 Ne5 12. Bxf5 Nxf5 13. O-O-O Re8 14. h3 a6
15. g4 Nh4 16. f4 Nef3 17. Ng1 Nd4 18. Qf2 b5 19. cxb5 axb5 20. Nge2 b4 21.
Nxd4 bxc3 22. Bxc3 cxd4 23. Bxd4 Bxd4 24. Rxd4 Qa5 25. Qxh4 Qc3+ 0-1

[Event "XI Open"]
[Site "Crema ITA"]
[Date "2009.09.05"]
[Round "3"]
[White "Foglia, Maurizio"]
[Black "Gonella, Daniele"]
[Result "1-0"]
[WhiteElo "2147"]
[BlackElo "1827"]
[PlyCount "77"]
[EventDate "2009.09.04"]

1. d4 d5 2. Nf3 Nf6 3. g3 e6 4. Bg2 Bd6 5. c4 O-O 6. O-O Bd7 7. Ne5 c6 8. Nc3
Be8 9. f4 Nbd7 10. e3 Kh8 11. b3 Ng8 12. e4 Bb4 13. Bb2 Qa5 14. Qc1 Rc8 15. a3
Be7 16. b4 Qd8 17. c5 f6 18. Nxd7 Qxd7 19. Qe3 Nh6 20. f5 exf5 21. exd5 cxd5
22. Nxd5 Bd8 23. Rae1 Bf7 24. Nf4 Re8 25. Qf3 g5 26. Rxe8+ Qxe8 27. Nd3 Bc4 28.
Re1 Qb5 29. Nf2 Rc7 30. d5 a5 31. d6 Rf7 32. Bc3 axb4 33. axb4 Qd7 34. Qe3 Bb5
35. Qxg5 Ng8 36. Qe3 Rg7 37. Nh3 Qf7 38. Nf4 Qc4 39. Bd5 1-0